000 00303nam a22001337a 4500
008 181122b xxu||||| |||| 00| 0 eng d
020 _a0070170134
041 _aeng
080 _23rd
_a615
100 _a5
101 _aFAR
245 _aBasic Pharmacology in Medicine
_cDiPalma,J.R
942 _2udc
_cBK
999 _c52349
_d52349